[Event "Titled Tuesday intern op 24th Jan Late"]
[Site "Chess.com INT"]
[Date "2023.01.24"]
[Round "6"]
[White "Vega Gutierrez, Sabrina Neide"]
[Black "Nissinen, Niilo Man"]
[Result "1-0"]
[WhiteElo "2361"]
[BlackElo "1996"]
[PlyCount "58"]
[EventDate "2023.01.24"]
[EventType "swiss (blitz)"]
[EventRounds "11"]
[EventCountry "USA"]
[SourceTitle "EXT 2024"]
[Source "ChessBase"]
[SourceDate "2023.10.10"]
[SourceVersion "1"]
[SourceVersionDate "2023.10.10"]
[SourceQuality "1"]

1. e4 c5 2. Nf3 Nc6 3. d4 cxd4 4. Nxd4 Nf6 5. Nc3 e5 6. Ndb5 d6 7. Nd5 Nxd5 8. exd5 Nb8 9. Qf3 a6 10. Qa3 Bf5 11. Bg5 f6 12. Bd2 Nc6 13. dxc6 axb5 14. Qf3 Bxc2 15. Bxb5 Kf7 16. Qd5+ Kg6 17. cxb7 Rb8 18. Rc1 Bf5 19. Rc3 h5 20. Rg3+ Kh7 21. Bd3 Qd7 22. Bxf5+ Qxf5 23. 0-0 Qd7 24. Rb3 Be7 25. Rc1 g5 26. Ba5 Kg6 27. Rc7 Qe8 28. Bd2 Bd8 29. Rc8 Qe7 1-0

[Event "Titled Tuesday intern op 03rd Jan Late"]
[Site "Chess.com INT"]
[Date "2023.01.03"]
[Round "5"]
[White "Nissinen, Niilo Man"]
[Black "Andrews, Todd D"]
[Result "0-1"]
[WhiteElo "1996"]
[BlackElo "2187"]
[PlyCount "48"]
[EventDate "2023.01.03"]
[EventType "swiss (blitz)"]
[EventRounds "11"]
[EventCountry "USA"]
[SourceTitle "EXT 2024"]
[Source "ChessBase"]
[SourceDate "2023.10.10"]
[SourceVersion "1"]
[SourceVersionDate "2023.10.10"]
[SourceQuality "1"]

1. e4 e6 2. d4 d5 3. Nc3 Bb4 4. e5 c5 5. a3 Bxc3+ 6. bxc3 Ne7 7. Nf3 Bd7 8. c4 cxd4 9. Qxd4 Bc6 10. cxd5 Qxd5 11. Qxd5 Nxd5 12. Bb2 Nd7 13. 0-0-0 0-0 14. Bd3 Rfc8 15. Be4 N7b6 16. Nd4 Ba4 17. Kb1 Nc3+ 18. Bxc3 Rxc3 19. Kb2 Rc5 20. f4 Nc4+ 21. Kc3 Ne3+ 22. Kd3 Nxd1 23. Rxd1 Rd8 24. Rb1 Bxc2+ 0-1

[Event "Titled Tuesday intern op 03rd Jan Late"]
[Site "Chess.com INT"]
[Date "2023.01.03"]
[Round "4"]
[White "Yeritsyan, Hayk"]
[Black "Nissinen, Niilo Man"]
[Result "1-0"]
[WhiteElo "2250"]
[BlackElo "1996"]
[PlyCount "54"]
[EventDate "2023.01.03"]
[EventType "swiss (blitz)"]
[EventRounds "11"]
[EventCountry "USA"]
[SourceTitle "EXT 2024"]
[Source "ChessBase"]
[SourceDate "2023.10.10"]
[SourceVersion "1"]
[SourceVersionDate "2023.10.10"]
[SourceQuality "1"]

1. d4 Nf6 2. Nf3 b6 3. e3 Bb7 4. Bd3 e6 5. Nbd2 Be7 6. 0-0 0-0 7. Qe2 d5 8. Ne5 h6 9. f4 Nbd7 10. Qf3 c5 11. c3 Nxe5 12. fxe5 Nd7 13. Qh3 Re8 14. Nf3 Nf8 15. g4 f6 16. exf6 Bxf6 17. Qg3 Qb8 18. Qh3 Qd8 19. Bd2 a5 20. Rf2 Ba6 21. Bc2 Nh7 22. Rg2 Ng5 23. Nxg5 Bxg5 24. Qh5 Qf6 25. Rf2 g6 26. Bxg6 Qe7 27. Rf7 Ra7 1-0

[Event "Wch Blitz"]
[Site "Almaty"]
[Date "2022.12.30"]
[Round "14"]
[White "Everett, Elijah David"]
[Black "Nissinen, Niilo Man"]
[Result "1/2-1/2"]
[WhiteElo "2146"]
[BlackElo "1896"]
[PlyCount "94"]
[EventDate "2022.12.29"]
[EventType "swiss (blitz)"]
[EventRounds "21"]
[EventCountry "KAZ"]
[SourceTitle "CBM 212"]
[Source "ChessBase"]
[SourceDate "2023.02.28"]
[SourceVersion "1"]
[SourceVersionDate "2023.02.28"]
[SourceQuality "1"]

1. e4 c6 2. d4 d5 3. Nd2 dxe4 4. Nxe4 Nf6 5. Nxf6+ exf6 6. c3 Bd6 7. Bd3 0-0 8. Ne2 Re8 9. Qc2 h5 10. 0-0 Nd7 11. Bf4 Rxe2 12. Qxe2 Bxf4 13. Qe4 Bxh2+ 14. Kxh2 Nf8 15. Bc4 g6 16. Rae1 Ne6 17. f4 f5 18. Qe5 Bd7 19. Kg1 Qh4 20. Re3 Re8 21. Qd6 Bc8 22. Rh3 Qf6 23. Re1 Rd8 24. Qe5 Qxe5 25. fxe5 b5 26. Bb3 Bb7 27. a4 a6 28. axb5 axb5 29. Ra1 c5 30. Ra7 Be4 31. Bxe6 fxe6 32. dxc5 Rd2 33. Rg3 f4 34. Rg5 Rxb2 35. c6 Bxc6 36. Rxg6+ Kf8 37. Rh6 Kg8 38. Rg6+ Kf8 39. Rc7 Bd5 40. Rf6+ Kg8 41. Rg6+ Kf8 42. Kf1 Rc2 43. Ke1 b4 44. Rh6 Kg8 45. Rg6+ Kf8 46. Rh6 Kg8 47. Rg6+ Kf8 1/2-1/2

[Event "Wch Blitz"]
[Site "Almaty"]
[Date "2022.12.30"]
[Round "19"]
[White "Nissinen, Niilo Man"]
[Black "Khusenkhojaev, Mustafokhuja"]
[Result "0-1"]
[WhiteElo "1896"]
[BlackElo "2217"]
[PlyCount "94"]
[EventDate "2022.12.29"]
[EventType "swiss (blitz)"]
[EventRounds "21"]
[EventCountry "KAZ"]
[SourceTitle "CBM 212"]
[Source "ChessBase"]
[SourceDate "2023.02.28"]
[SourceVersion "1"]
[SourceVersionDate "2023.02.28"]
[SourceQuality "1"]

1. e4 e5 2. Nf3 Nc6 3. d4 exd4 4. Nxd4 Nf6 5. Nxc6 bxc6 6. e5 Qe7 7. Qe2 Nd5 8. h4 f6 9. exf6 Nxf6 10. b3 Bb7 11. Bb2 0-0-0 12. Qxe7 Bxe7 13. f3 Rde8 14. Kf2 Bc5+ 15. Kg3 Bd6+ 16. Kf2 Rhf8 17. Bxf6 Rxf6 18. Nd2 Bc5+ 19. Kg3 d5 20. Bd3 h6 21. Rae1 Rxe1 22. Rxe1 Bb4 23. Re2 Kd7 24. Nf1 Bd6+ 25. Kf2 Rf7 26. Ne3 Bc5 27. Kf1 Re7 28. Nf5 Rxe2 29. Kxe2 Bf8 30. h5 c5 31. Nh4 Ke6 32. Ng6 Bd6 33. g4 Bc6 34. Bf5+ Kf6 35. Ke3 a5 36. a4 c4 37. Kd4 cxb3 38. cxb3 Bb7 39. Bd3 c5+ 40. Ke3 Bc8 41. Nf4 d4+ 42. Ke4 Bb7+ 43. Nd5+ Ke6 44. Bc4 Bc6 45. f4 Bxf4 46. Kxf4 Bxd5 47. Bd3 Bxb3 0-1

[Event "Wch Blitz"]
[Site "Almaty"]
[Date "2022.12.29"]
[Round "5"]
[White "Averin, Nikolay"]
[Black "Nissinen, Niilo Man"]
[Result "1-0"]
[WhiteElo "2231"]
[BlackElo "1896"]
[PlyCount "67"]
[EventDate "2022.12.29"]
[EventType "swiss (blitz)"]
[EventRounds "21"]
[EventCountry "KAZ"]
[SourceTitle "CBM 212"]
[Source "ChessBase"]
[SourceDate "2023.02.28"]
[SourceVersion "1"]
[SourceVersionDate "2023.02.28"]
[SourceQuality "1"]

1. e4 c5 2. Nf3 Nc6 3. d4 cxd4 4. Nxd4 Nf6 5. Nc3 e5 6. Ndb5 d6 7. Bg5 a6 8. Na3 b5 9. Nd5 Be7 10. Bxf6 Bxf6 11. c3 Ne7 12. Nxf6+ gxf6 13. Nc2 Bb7 14. Bd3 d5 15. Qe2 f5 16. exf5 e4 17. f6 Nf5 18. f3 Qxf6 19. 0-0 Qb6+ 20. Rf2 Nd6 21. fxe4 dxe4 22. Nd4 0-0-0 23. Bc2 f5 24. Qe3 Rhf8 25. Raf1 Nc4 26. Qh3 Nxb2 27. Rxf5 Rxf5 28. Qxf5+ Kb8 29. Bxe4 Rxd4 30. cxd4 Qxd4+ 31. Qf2 Qxe4 32. Qxb2 h5 33. Rf8+ Ka7 34. Qf2+ 1-0

[Event "Wch Blitz"]
[Site "Almaty"]
[Date "2022.12.29"]
[Round "7"]
[White "Elier, Ali"]
[Black "Nissinen, Niilo Man"]
[Result "0-1"]
[WhiteElo "2173"]
[BlackElo "1896"]
[PlyCount "100"]
[EventDate "2022.12.29"]
[EventType "swiss (blitz)"]
[EventRounds "21"]
[EventCountry "KAZ"]
[SourceTitle "CBM 212"]
[Source "ChessBase"]
[SourceDate "2023.02.28"]
[SourceVersion "1"]
[SourceVersionDate "2023.02.28"]
[SourceQuality "1"]

1. e4 c5 2. d4 cxd4 3. c3 d3 4. Bxd3 Nc6 5. f4 e6 6. Nf3 d6 7. 0-0 g6 8. Be3 Bg7 9. Nbd2 Nge7 10. Qe1 0-0 11. Rd1 Qc7 12. Bb1 b5 13. Nh4 f5 14. exf5 Nxf5 15. Nxf5 gxf5 16. Nf3 b4 17. cxb4 Rb8 18. a3 Bxb2 19. Nd4 Nxd4 20. Bxd4 Bxd4+ 21. Rxd4 Qb6 22. Qf2 a5 23. Rfd1 Rd8 24. h3 axb4 25. axb4 Bb7 26. Kh2 Rd7 27. Qe3 Bd5 28. Bxf5 exf5 29. Qe2 Be4 30. Qh5 Rg7 31. R1d2 Qxd4 32. Rxd4 Rxg2+ 33. Kh1 Rg5+ 34. Rxe4 Rxh5 35. Re6 Rxb4 36. Rxd6 Rxh3+ 37. Kg2 Ra3 38. Rd2 Rba4 39. Rd8+ Kg7 40. Rd7+ Kh6 41. Rd6+ Kh5 42. Rd7 Kg4 43. Rg7+ Kxf4 44. Rxh7 Rg3+ 45. Kh2 Ra2+ 46. Kh1 Rb3 47. Rg7 Rb1+ 48. Rg1 Rxg1+ 49. Kxg1 Kf3 50. Kf1 Ra1# 0-1